| 000 | 00505nam a22001697a 4500 | ||
|---|---|---|---|
| 003 | PILC | ||
| 005 | 20150112093447.0 | ||
| 008 | 131017t xxu||||| |||| 00| 0 eng d | ||
| 020 | _a013240804X | ||
| 050 |
_aHD 31 _b.R632 2009 |
||
| 100 |
_aRobbins, Stephen P. _915757 |
||
| 245 |
_aManagement / _cStephen P. Robbins and Mary Coulter |
||
| 250 | _a9th ed. | ||
| 260 |
_aUpper Saddle River, New Jersey ; _bPearson Education Inc., _xyz2007. |
||
| 300 |
_a768 pages : _bcol. ill.; _c27 cm. |
||
| 942 |
_2lcc _cBK |
||
| 999 |
_c14978 _d14978 |
||